000 00207nam a22000857a 4500
008 161216b xxu||||| |||| 00| 0 eng d
100 _92084
_aGupta.R.G.
245 _aMathematics-2
260 _aNew Delhi
_bAPC
_c2009
999 _c4961
_d4961